| 000 | aam a22 a 4500 | ||
|---|---|---|---|
| 999 |
_c327395 _d327395 |
||
| 003 | BLK | ||
| 005 | 20201007041017.0 | ||
| 008 | 180821b bul||||| |||| 00| 0 bul d | ||
| 020 | _a978-619-90645-4-2 | ||
| 040 | _aBLK | ||
| 041 |
_aBUL _cBUL |
||
| 080 |
_aКорупция _b328.185 _x(497.2)(091) _z328.185(497.2)(091) |
||
| 080 | _z949.72.065 | ||
| 100 |
_aСугарев, Едвин Стефанов _eпърви автор _91299 |
||
| 139 |
_aСугарев, Едвин Стефанов _bС 89 |
||
| 245 | _aКорупционната България : история на българската корупция в годините на преход към демокрация. Т. 3, 2005-2018 | ||
| 257 | _aBGR | ||
| 260 |
_c2018 _9220517 _aСофия _bГражданско сдружение Либертариум |
||
| 300 |
_a752 с, [16] л. факс. _c24 см |
||
| 380 | _a3 | ||
| 500 | _aИменен показалец | ||
| 650 | 7 |
_9159504 _aКорупция |
|
| 650 | 0 |
_9245662 _aПреход от тоталитаризъм към демокрация - България |
|
| 650 | 7 |
_aистория _9157727 |
|
| 700 |
_9266586 _aХристов, Христо Иванов _eсъавт. |
||
| 700 |
_9350419 _aНиколов, Красен _eсъавт. |
||
| 852 |
_bП _cП 328/С 89 |
||
| 942 |
_cKNG _2udc _n0 _01 |
||
| 999 | _d323680 | ||
| 999 | _d323680 | ||